| 000 | 00489nam a2200181 a 4500 | ||
|---|---|---|---|
| 005 | 20210223125853.0 | ||
| 008 | 060404s2002 mx r 000 0 spa d | ||
| 020 | _a9681911431 | ||
| 035 | _aUPN01000143750 | ||
| 049 | _aCG | ||
| 050 | 4 |
_aPQ8519 B4 _bE8.7 |
|
| 100 | 1 |
_aBenedetti, Mario, _d1920-2009 |
|
| 245 | 1 | 0 |
_aEsta mañana y otros cuentos / _cMario Benedetti. |
| 260 |
_aMéxico : _bAlfaguara, _c2002. |
||
| 300 | _a107 p. | ||
| 650 | 4 |
_aCUENTOS URUGUAYOS _910233 |
|
| 905 | _aLibro | ||
| 999 |
_c115897 _d115897 |
||